| 000 | 01023nam a2200337 a 4500 | ||
|---|---|---|---|
| 001 | vtls000047822 | ||
| 003 | NLI | ||
| 005 | 20210601185534.0 | ||
| 008 | 101125s1982 ii 001 p eng | ||
| 039 | 9 |
_y201011250437 _zVLOAD |
|
| 040 | 0 |
_aNLI _beng _cVERGIS-2003 |
|
| 041 | 0 | _aeng | |
| 044 | _aii | ||
| 082 | 0 | 4 | _a821.91 |
| 245 | 0 | 0 |
_aPancontinental premier poets: _bthe seventh biennial anthology January 1, 1981 - December 31, 1982/ _cedited by Bohumila Falkowtski |
| 260 |
_aMadras: _bWorld Poetry Society Intercontinental, _cc1982 |
||
| 300 |
_aviii, 176 p.; _c23 cm. |
||
| 500 | _aIncludes index | ||
| 650 | 0 |
_aEnglish poetry _y20th century _9117738 |
|
| 650 | 0 | _aAnthologies | |
| 887 | _aKannaki | ||
| 901 |
_aDB 43127 _b26/06/1983 |
||
| 902 | _aE 821.91 P 192 f | ||
| 903 | _a31/05/2004 | ||
| 904 | _aKannaki | ||
| 906 | _a049323 | ||
| 949 |
_AVIRTUAITEM _D10000 _F1 _X100 _6DBA000043127ENG _aE 821.91 P192f |
||
| 942 |
_2ddc _cBKS |
||
| 999 |
_aVIRTUA _c52002 _d52002 |
||
| 999 | _aVTLSSORT9010*9020*9490*9991 | ||